Statistics for Original 12 Apostles/Disciples of Jesus - Bible

Click here to take the quiz!

General Stats

  • This quiz has been taken 893 times
  • The average score is 9 of 12

Answer Stats

HintAnswer% Correct
1Simon Peter
94%
4John
94%
12Judas Iscariot
92%
8Matthew
86%
3James, the son of Zebedee
78%
9James, the son of Alphaeus
78%
7Thomas
72%
2Andrew
65%
11Simon the Cananite
62%
6Bartholomew
49%
5Philip
44%
10Thaddaeus
40%

Score Distribution

Percentile by Number Answered

Percent of People with Each Score

Your Score History

You have not taken this quiz